| 000 | 00463nam a2200157 a 4500 | ||
|---|---|---|---|
| 001 | 000017810 | ||
| 005 | 20200929165234.0 | ||
| 008 | 100406s1955 dr 000 0 spa d | ||
| 040 |
_aDO-SdBNP _bspa _cBNPHU |
||
| 082 |
_axxxx _bU75c |
||
| 100 | 1 |
_aUreña, Buenaventura _938706 |
|
| 245 | 1 | 0 |
_aCosas de antaño / _cBuenaventura Ureña. |
| 260 |
_aCiudad Trujillo, República Dominicana, : _bEditora del Caribe, _c1955. |
||
| 300 |
_a72 p. ; _c23 cm. |
||
| 049 | _aBNPD | ||
| 999 |
_c17335 _d17335 |
||